Janes C4 I Systems 1996-97 / (Record no. 187893)

000 -LEADER
fixed length control field 00390 a2200157 4500
003 - CONTROL NUMBER IDENTIFIER
control field Nust
005 - DATE AND TIME OF LATEST TRANSACTION
control field 20251009175006.0
020 ## - INTERNATIONAL STANDARD BOOK NUMBER
International Standard Book Number 0710613687
040 ## - CATALOGING SOURCE
Transcribing agency Nust
082 ## - DEWEY DECIMAL CLASSIFICATION NUMBER
Classification number 358.24,JAN
245 ## - TITLE STATEMENT
Title Janes C4 I Systems 1996-97 /
Statement of responsibility, etc. Edited by peter Rackham
260 ## - PUBLICATION, DISTRIBUTION, ETC.
Place of publication, distribution, etc. U.K
Name of publisher, distributor, etc. Jane's Information Group
Date of publication, distribution, etc. 1996
300 ## - PHYSICAL DESCRIPTION
Extent 382
650 ## - SUBJECT ADDED ENTRY--TOPICAL TERM
Topical term or geographic name entry element communication System
9 (RLIN) 114513
942 ## - ADDED ENTRY ELEMENTS (KOHA)
Source of classification or shelving scheme
Koha item type Book
Holdings
Withdrawn status Lost status Source of classification or shelving scheme Damaged status Not for loan Permanent Location Current Location Shelving location Date acquired Full call number Barcode Date last seen Price effective from Koha item type Public note
          Military College of Signals (MCS) Military College of Signals (MCS) General Stacks 12/12/2016 358.24,JAN MCS911 12/08/2016 12/12/2016 Book Almirah No.76, Shelf No.3
© 2023 Central Library, National University of Sciences and Technology. All Rights Reserved.